00780 2200253 4500001002100000005001700021008004100038020002200079035002400101040001200125082001100137090002200148100001200170245015400182250001100336260002700347300003000374500003100404650001400435700001800449700002500467850001200492990002200504YOGYA-0209000004664620090227031235.0 ind  a978-979-29-0162-7 0010-020900000046646 aYOPDYOG a657.42 aDEP 657.42bKus T aKUSRINI aTuntunanpraktis membangun sistem informasi akuntansi dengan visual basic dan microsoft SQL servercKusrini, andri Koniyo ; editor, Fl Sigit Suyantoro aCet. 1 aYogyakartabAndic2007 axii, 338 hlmbilusc23 cm aBibliografi : hlm. 335-336 aAkuntansi aKoniyo, andri aSuyantoro, Fl. Sigit aYOPDYOG aCB-D.11 2007-494h